000 01904cam a2200457 a 4500
001 20717
003 VRT
005 20260130140743.0
008 210928s1976 xo 0000f slo
015 _aSNBA1976
035 _aSNK000113058
039 9 _a202507221404
_bAUTHORITY
_c202109281605
_dVLOAD
_c202109161851
_dVLOAD
_c202107142204
_dAUTHORITY
040 _aSNK
_bslo
_cSNK
_eAACR2
041 1 _aslo
_heng
044 _axo
_cSK
080 _a820(94)-3 Upfield, Arthur=854
_21981
100 1 _aUpfield, Arthur,
_d1890-1964
_4aut
245 1 0 _aBony a myš ; Po stope novej topánky ; Starí mládenci z Broken Hillu
_cArthur Upfield ; preložili Miroslava Majerčíková, Gabriela Hanáková, Svetlana Marušiaková
250 _a1. vyd.
260 _aBratislava
_bSlovenský spisovateľ
_c1976
_eKošice
_fVýchodoslovenské tlačiarne
300 _a609, [3] s.
_c21 cm
490 1 _aZelená knižnica
655 7 _aaustrálske romány
_2SNKPH
655 7 _adetektívne romány
_2SNKPH
700 1 _aMajerčíková, Miroslava
_4trl
700 1 _aHanáková, Gabriela,
_d1927-2008
_4trl
700 1 _aMrlianová-Marušiaková, Svetlana,
_d1945-1993
_4trl
700 1 2 _aUpfield, Arthur,
_d1890-1964
_tBony and the Mouse
_lSlovensky
700 1 2 _aUpfield, Arthur,
_d1890-1964
_tThe Clue of the New Shoe
_lSlovensky
700 1 2 _aUpfield, Arthur,
_d1890-1964
_tThe Bachelors
_lSlovensky
740 0 2 _aPo stope novej topánky
740 0 2 _aStarí mládenci z Broken Hillu
830 0 _aZelená knižnica
942 _2ddc
_cKLDO
_n0
949 _6270001000505043
_asvkbbA 7925-a
_bsvkbbm 323316
949 _asvkpoA 104624
_bsvkpo240382
_s6721:20200602
949 _63830001081661
_akurukT1/UPFI1-1
_bkuruk2013/F6191
_oD2013/dar od Saleziánov
949 _617A0038027
_9P60, <05>, [BOOK], {605}
_asnkSC 39442 D1
949 _617A0985692
_asnkSC 39442
999 _c20717
_d20717